000
00287nam a2200121Ia 4500
008
190216s9999||||xx |||||||||||||| ||und||
100
_a
Ramaiya A
245
0
_a
Monopolies And Restrictive Trade Practise Act
260
_b
Mlj
_c
1970
300
_a
219p
650
_a
Commerce
942
_c
BK
999
_c
30358
_d
30358